Future Iraq : (Record no. 15487)

000 -LEADER
fixed length control field 01377cam a2200349 a 4500
001 - CONTROL NUMBER
control field 13696850
005 - DATE AND TIME OF LATEST TRANSACTION
control field 20170105102919.0
008 - FIXED-LENGTH DATA ELEMENTS--GENERAL INFORMATION
fixed length control field 040824s2003 enkb b 001 0 eng
010 ## - LIBRARY OF CONGRESS CONTROL NUMBER
LC control number 2004557635
015 ## - NATIONAL BIBLIOGRAPHY NUMBER
National bibliography number GBA3-W3944
020 ## - INTERNATIONAL STANDARD BOOK NUMBER
International Standard Book Number 8130900157
035 ## - SYSTEM CONTROL NUMBER
System control number (OCoLC)ocm52530789
040 ## - CATALOGING SOURCE
Original cataloging agency UKM
Transcribing agency UKM
Modifying agency CUS
-- OCLCQ
-- C#P
-- DLC
042 ## - AUTHENTICATION CODE
Authentication code lccopycat
043 ## - GEOGRAPHIC AREA CODE
Geographic area code a-iq---
050 00 - LIBRARY OF CONGRESS CALL NUMBER
Classification number DS79.75
Item number .S557 2003
082 00 - DEWEY DECIMAL CLASSIFICATION NUMBER
Classification number 956.7044/3
Edition number 22
100 1# - MAIN ENTRY--PERSONAL NAME
Personal name Simons, G. L.
Fuller form of name (Geoffrey Leslie),
Dates associated with a name 1939-
245 10 - TITLE STATEMENT
Title Future Iraq :
Remainder of title US policy in reshaping the Middle East /
Statement of responsibility, etc. Geoff Simons.
260 ## - PUBLICATION, DISTRIBUTION, ETC.
Place of publication, distribution, etc. London :
Name of publisher, distributor, etc. Saqi,
Date of publication, distribution, etc. 2003.
300 ## - PHYSICAL DESCRIPTION
Extent 400 p. :
Other physical details map ;
Dimensions 23 cm.
504 ## - BIBLIOGRAPHY, ETC. NOTE
Bibliography, etc. note Includes bibliographical references (p. [385]-386) and index.
651 #0 - SUBJECT ADDED ENTRY--GEOGRAPHIC NAME
Geographic name Iraq
General subdivision Politics and government
Chronological subdivision 1991-2003.
651 #0 - SUBJECT ADDED ENTRY--GEOGRAPHIC NAME
Geographic name Iraq
General subdivision Politics and government
Chronological subdivision 2003-
651 #0 - SUBJECT ADDED ENTRY--GEOGRAPHIC NAME
Geographic name Iraq
General subdivision Foreign relations
Geographic subdivision United States.
651 #0 - SUBJECT ADDED ENTRY--GEOGRAPHIC NAME
Geographic name United States
General subdivision Foreign relations
Geographic subdivision Iraq.
856 42 - ELECTRONIC LOCATION AND ACCESS
Materials specified Contributor biographical information
Uniform Resource Identifier <a href="http://www.loc.gov/catdir/bios/hol055/2004557635.html">http://www.loc.gov/catdir/bios/hol055/2004557635.html</a>
856 42 - ELECTRONIC LOCATION AND ACCESS
Materials specified Publisher description
Uniform Resource Identifier <a href="http://www.loc.gov/catdir/description/hol054/2004557635.html">http://www.loc.gov/catdir/description/hol054/2004557635.html</a>
906 ## - LOCAL DATA ELEMENT F, LDF (RLIN)
a 7
b cbc
c copycat
d 1
e ncip
f 20
g y-gencatlg
942 ## - ADDED ENTRY ELEMENTS (KOHA)
Source of classification or shelving scheme
Koha item type Book
Holdings
Withdrawn status Lost status Damaged status Not for loan Collection code Permanent Location Current Location Shelving location Date acquired Total Checkouts Full call number Barcode Date last seen Price effective from Koha item type
          Centre for International Peace & Stability (CIPS) Centre for International Peace & Stability (CIPS) General Stacks 10/02/2013   956.70443 SIM 2006 CIPS0001741 12/03/2013 12/03/2013 Book
© 2023 Central Library, National University of Sciences and Technology. All Rights Reserved.